| 000 | 01009nam a2200229Ia 4500 | ||
|---|---|---|---|
| 001 | 16927 | ||
| 005 | 20260327113111.0 | ||
| 008 | 260306t2012||||xx |||||||||||||| ||und|| | ||
| 041 | _aESP | ||
| 082 |
_a657.3 _bL12 |
||
| 100 |
_aLabel, Wayne A. _eAUT |
||
| 245 | 0 |
_aContabilidad para no contadores: _buna forma rápida y sencilla de entender la contabilidad |
|
| 260 | _c2012 | ||
| 300 |
_axvi, 162 páginas : _c24 cm. |
||
| 650 | _aGEN | ||
| 654 | _aCCO | ||
| 856 |
_uhttps://itmsp.museknowledge.com/UCSP?url=https://www.ebooks7-24.com:443/?il=14919&pg=1 _zVersión digital (2021) |
||
| 856 |
_uhttps://0u213u7of-y-https-ebooks7--24-com.itmsp.museknowledge.com/biblioteca.aspx _zVéase además: Base de datos Ebook7-24 |
||
| 856 |
_uhttps://0u21cu7ok-y-https-www-legismovil-pe.itmsp.museknowledge.com/interm/InterUCSanPablo.htm _zVéase además: Base de datos LegisMóvil |
||
| 856 |
_uhttps://legal.legis.com.pe/home/Corporativo _zVéase además: Base de datos Multilegis |
||
| 942 |
_cLIB _dJUS _fJUS _2ddc |
||
| 999 |
_c16927 _d16927 |
||